000 00696nam a2200193 i 4500
001 66325
003 ES-MaACL
005 20231216062906.0
007 t|
008 040203s1923 sp ||||1| spa d
100 1 _aGalindo Romeo, Pascual,
_d1892-1990
_953446
245 1 0 _aMonumentos artísticos de La Seo en el siglo XV
_b: (El Facistol de los leones, El Cimborrio, El Retablo mayor) /
_cpor Pascual Galindo Romeo.
260 _aZaragoza :
_b[s.n.,
_c1923] (
_fTip. La Académica)
300 _a109 p. ;
_c25 cm.
490 1 _aEstudios eclesiásticos de Aragón
830 0 _aEstudios eclesiásticos de Aragón
_9230798
852 _aES-MaACL
_jC-6596
999 _c66325
_d66325